Hudobné rukopisy Štátnej vedeckej knižnice v Olomouci

Bibliographic Details
Main Author: Kunčarová, Jana (Author)
Format: Article
Language:Slovak
Subjects:

MARC

LEADER 00000nab a2200000 a 4500
001 vtls000078169
003 SK-MaSNL
005 20260304072708.0
008 250423c1981 xo 0 slo
015 |a SNBRB19rr/mm-uuuuu 
035 |a CL0088270 
035 |a urn:nbn:sk:snk-abb9n2 
035 |a (urnnbn)urn:nbn:sk:snk:ar-0012va 
035 |a (uuid)06c61919-b868-44b0-9029-5a8269e8c8ac 
040 |a SNKBUCL  |b slo  |c SNKBUCL  |e AACR2 
041 0 |a slo 
044 |a xo  |c SK 
080 |a 091(437.2)  |2 1981 
080 |a 027.54(437.2 Olomouc)  |2 1981 
100 1 |a Kunčarová, Jana  |4 aut  |9 698653 
245 1 0 |a Hudobné rukopisy Štátnej vedeckej knižnice v Olomouci  |c Jana Kunčarová 
650 0 7 |a Štátna vedecká knižnica, Olomouc  |2 snkbucl  |9 1354981 
650 0 7 |a rukopisy  |2 snkbucl  |9 1788 
655 7 |a články z novín a časopisov  |2 snkbucl  |9 267496 
655 7 |a články z odboru knihovníctvo  |2 snkbucl  |9 166141 
773 0 |t Čitateľ  |g Roč. 30, č. 2 (1981), s. 64-65 
850 |a Slovenská národná knižnica 
852 |a Slovenská národná knižnica 
954 |a odborná, vedecká literatúra pôvodná (slovenská)  |2 lita 
957 |a 3805 
958 |a article15 
958 |a RK 
958 |a KL 
958 |a OND 
958 |a EUIPO 
992 |a RBX 
999 |c 2767613  |d 2769543